Vincitori Classiche Monumento (2000-oggi) - Statistics

Statistiche generali
  • Questo quiz è stato fatto 16 volte
  • Il punteggio medio è 37 su 129
Statistiche sulle risposte
Risposta % Corretto
2015 | 2017 | 2018 Vincenzo Nibali
93%
2021 | 2022 | 2023 | +2 others Tadej Pogacar
86%
2020 | 2022 | 2023 | +2 others Mathieu van der Poel
64%
2016 | 2018 Peter Sagan
57%
2021 Sonny Colbrelli
57%
2006 | 2008 | 2010 | +2 others Fabian Cancellara
50%
2009 Mark Cavendish
50%
2022 | 2023 Remco Evenepoel
50%
2020 Wuot Van Aert
50%
2020 Primoz Roglic
43%
2007 Alessandro Ballan
36%
2019 Julian Alaphilippe
36%
2024 Jasper Philipsen
29%
2002 Mario Cipollini
29%
2000 | 2002 | 2003 | +2 others Paolo Bettini
29%
2018 Thibaut Pinot
29%
2005 | 2006 | 2008 | +2 others Tom Boonen
29%
2019 Alberto Bettiol
21%
2005 Alessandro Petacchi
21%
2016 Arnaud Démare
21%
2004 | 2007 | 2008 Damiano Cunego
21%
2021 Jasper Stuyven
21%
2022 Matej Mohoric
21%
2002 | 2003 Michele Bartoli
21%
2009 | 2010 | 2011 | +2 others Philippe Gilbert
21%
2006 | 2008 | 2015 | 2017 Alejandro Valverde
14%
2014 | 2015 Alexander Kristoff
14%
2009 Andy Schleck
14%
2000 | 2001 Erik Zabel
14%
2016 Esteban Chaves
14%
2017 Greg Van Avermaet
14%
2019 | 2020 Jakob Fuglsang
14%
2015 John Degenkolb
14%
2017 Michal Kwiatkowski
14%
2014 | 2018 Niki Terpstra
14%
2004 | 2007 | 2010 Oscar Freire
14%
2012 | 2014 Simon Gerrans
14%
2016 Wout Poels
14%
2002 Andrea Tafi
7%
2019 Bauke Mollema
7%
2018 Bob Jungels
7%
2013 | 2014 Daniel Martin
7%
2007 Danilo Di Luca
7%
2001 Danilo di Luca
7%
2004 Davide Rebellin
7%
2022 Dylan van Baarle
7%
2006 Filippo Pozzato
7%
2013 Gerald Ciolek
7%
2012 | 2013 Joaquim Rodriguez
7%
2021 Kasper Asgreen
7%
2016 Mathew Hayman
7%
2011 Oliver Zaugg
7%
2000 Raimondas Rumsas
7%
2005 | 2010 Aleksandr Vinokurov
0%
2000 Andrei Tchmil
0%
2001 Gianluca Bortolami
0%
2000 | 2002 Johan Museeuw
0%
2011 Johan Vansummeren
0%
2004 Magnus Backstedt
0%
2012 Maksim Iglinskij
0%
2011 Matthew Goss
0%
2011 Nick Nuyens
0%
2001 Oscar Camenzind
0%
2003 Peter Van Petegem
0%
2001 Servais Knaven
0%
2004 Steffen Wesemann
0%
2008 | 2009 Stijn Devolder
0%
2007 Stuart O'Grady
0%
2003 Tyler Hamilton
0%
Nessun quiz corrispondente trovato
Distribuzione punteggi
Percentuale di utenti per punteggio
Percentile per numero di risposta
I tuoi punteggi nel tempo
Non hai fatto questo quiz